00555nam a2200181Ia 4500082001200000100001500012245008700027260004900114300000800163504004100171650002600212650003400238650002100272650002700293650001600320650001400336710002300350 aTS.0939 aSridevi S. 0aLocal banking and material culture amongst the Nattukottai Chettiars of Tamil Nadu c2005bJawaharlal Nehru University, New Delhi a324 aincludes appendices and bibliography aNattukottai Chettiars aBanks and bankingvTamil Nadu aChetti, Natkutai aChettiars, Nattukottai aNagarathars aZamindari aVisvanathan, Susan